000 00771nam a22002057a 4500
003 0
005 20250219155322.0
008 250219b xxu||||| |||| 00| 0 eng d
050 _aHG 181
_b.M33 2023
100 _aMacalalag, John Michael P.
245 _aThe role of mobile wallets on the operational efficiency of micro enterprises as perceived by the owners in las pinas city.
_cJohn Michael P. Macalalag
260 _aLas Pinas City
_bSouthville International School and Colleges
_c2023
300 _aix, 152 pages;
_c28cm.
500 _aBachelor of Science in Accountancy.
504 _aIncludes bibliographical references and appendices.
650 _aMobile Wallets.
650 _aMicro Enterprises.
650 _aDigital Payment Systems.
942 _2lcc
_cTH
999 _c367247
_d367247